000 00620nam a2200157 4500
008 170505b xxu||||| |||| 00| 0 eng d
020 _a0-673-52028-5 (student ed.)
082 _21991
_aDC 320.973
_bW88
245 _aBehind the scenes in American government :
_bpersonalities and politics /
_c [compiled by] Peter Woll
250 _aEight edition.
260 _aNew York, NY :
_bHarperCollins Publishers,
_cc1991
300 _axvii, 345 pages :
_billustrations ;
_c24 cm.
650 0 _920691
_aUnited States -- Politics and government -- 20th century
700 _920692
_aWoll, Peter, 1933-
_ecompiler
942 _2ddc
_cDC
999 _c6836
_d6836